000
00278nam a2200097Ia 4500
001
1225279
005
20250827092942.0
008
250824s9999 xx 000 0 und d
245
0
_a
KURBAĞA MIYIM PRENSES Mİ
_c
JAMIE KELLY
260
_b
ALTIN KİTAPLAR YAYINLARI
999
_c
1225279
_d
1225279